| 000 | 00791nam a2200193Ia 4500 | ||
|---|---|---|---|
| 008 | 090124s9999 xx 000 0 und d | ||
| 020 | _a81-260-2340-6 | ||
| 082 | _b46953 | ||
| 100 | _aभोळे भास्कर लक्ष्मण | ||
| 245 | _a एकोणिसाव्या शतकातील मराठी गदय ( खंड ) | ||
| 250 | _a1 | ||
| 260 | _c2006 | ||
| 300 | _a189 | ||
| 600 | _aभोळे भास्कर लक्ष्मण | ||
| 630 | _a एकोणिसाव्या शतकातील मराठी गदय ( खंड ) | ||
| 700 | _aभोळे भास्कर लक्ष्मण | ||
| 730 | _a एकोणिसाव्या शतकातील मराठी गदय ( खंड ) | ||
| 942 | _cBOOK | ||
| 999 |
_c113181 _d113181 |
||